000 00829nmm a2200289 a 4500
003 AR-BaBNM
005 20251128202717.0
008 155020s2002 ||||||||||||||000 | spa||
020 _a950-9467-87-1
040 _cAR-BaBNM
245 1 0 _aEl sentido común del maestro
250 _a1ª ed.
260 _aBuenos Aires
_bMiño y Dávila
_c2002
_bUniversidad Nacional de Luján
300 0 _a213 p.
504 _aBibliografía al final de cada capítulo
650 4 _aROL DEL DOCENTE
650 4 _aSOCIOLOGIA DE LA EDUCACION
650 4 _aRESULTADOS DE INVESTIGACION
653 _aREPRESENTACIONES SOCIALES
700 1 _aTamarit, José
_edirector
700 1 _aCabrera, María Eugenia
700 1 _aDi Pietro, Susana
700 1 _aGraciano, Andrea
700 1 _aVital, Susana
942 _cBK
998 _cme-solo cat
999 _c206
_d206